000 00400nam a2200157Ia 4500
003 Ost
005 20260225132551.0
008 260225s9999||||xx |||||||||||||| ||und||
040 _cfsic
041 _afre
082 _a791.43
100 _aLa revue du cinema images et son
_eAuteur
245 0 _aLa saison cinemathographique 1974 /
245 0 _cLa revue du cinema images et son
942 _cكتاب
999 _c34145
_d34145